El gran libro de los páramos / (Registro nro. 7351)

Detalles MARC
000 -CABECERA
Campo de control 01287nam a22002897a 4500
005 - FECHA Y HORA DE LA ULTIMA TRANSACCION
Campo de control 20200104041616.0
008 - ELEMENTOS DE LONGITUD FIJA—INFORMACION GENERAL
Campo de control 120813s2011 ck abo gr 000 0dspa d
020 ## - ISBN
ISBN 9789588343655
040 ## - FUENTE DE CATALOGACIÓN
Agencia catalogadora original CO-BoIAVH
Agencia transcriptora CO-BoIAVH
041 0# - IDIOMA
Código de idioma para texto/pista de sonido o título separado Español
044 ## - PAÍS DE PUBLICACIÓN
País de publicación Colombia
082 04 - NUMERO DE CLASIFICACION DECIMAL DEWEY
Número de clasificación 574.52621
Número del ítem V335g
245 03 - MENCION DE TITULO
Título El gran libro de los páramos /
Mención de responsabilidad fotografías Adolfo Correa ... [et al.] ; ilustraciones Eduard Martínez.
260 ## - PUBLICACION, DISTRIBUCION, ETC. (PIE DE IMPRENTA)
Lugar de publicación, distribución, etc. Bogotá
Nombre del editor, distribuidor, etc. Instituto de Investigación de Recursos Biológicos Alexander von Humboldt
Fecha de publicación, distribución, etc. 2011.
300 ## - DESCRIPCION FISICA
Extensión 206 p.
Otros detalles físicos il., mapas ;
Dimensiones 34 cm.
500 ## - NOTA GENERAL
Nota general Proyecto Páramo Andino. Conservación de la diversidad en el Techo de los Andes.
504 ## - NOTA DE BIBLIOGRAFIA, ETC.
Nota de bibliografía Incluye referencias bibliográficas.
650 #4 - ASIENTO SECUNDARIO DE MATERIA - TERMINO TEMATICO
Término temático o nombre geográfico como elemento de entrada Páramos
Subdivisión geográfica Colombia
Subdivisión general Enseñanza primaria.
9 (RLIN) 40364
650 #4 - ASIENTO SECUNDARIO DE MATERIA - TERMINO TEMATICO
Término temático o nombre geográfico como elemento de entrada Páramos
Subdivisión geográfica Colombia
Subdivisión general Enseñanza secundaria.
9 (RLIN) 40365
650 #6 - ASIENTO SECUNDARIO DE MATERIA - TERMINO TEMATICO
Término temático o nombre geográfico como elemento de entrada Conservación de páramos
Subdivisión geográfica Colombia
Subdivisión general Enseñanza primaria
9 (RLIN) 40366
650 #4 - ASIENTO SECUNDARIO DE MATERIA - TERMINO TEMATICO
Término temático o nombre geográfico como elemento de entrada Conservación de páramos
Subdivisión geográfica Colombia
Subdivisión general Enseñanza secundaria.
9 (RLIN) 40367
650 #4 - ASIENTO SECUNDARIO DE MATERIA - TERMINO TEMATICO
Término temático o nombre geográfico como elemento de entrada Ecología de páramos
Subdivisión geográfica Colombia
Subdivisión general Enseñanza primaria.
9 (RLIN) 40368
650 #4 - ASIENTO SECUNDARIO DE MATERIA - TERMINO TEMATICO
Término temático o nombre geográfico como elemento de entrada Ecología de páramos
Subdivisión geográfica Colombia
Subdivisión general Enseñanza secundaria.
9 (RLIN) 40369
700 1# - ASIENTO SECUNDARIO - NOMBRE PERSONAL
Nombre personal Correa, Adolfo
Término de relación fot.
9 (RLIN) 374
700 1# - ASIENTO SECUNDARIO - NOMBRE PERSONAL
Nombre personal Martínez, Eduard
Término de relación il.
9 (RLIN) 375
942 ## - ELEMENTOS ADICIONALES (KOHA)
Sistema de clasificación Dewey Decimal Classification
Tipo de ítem Impreso
Koha issues (borrowed), all copies 20
Existencias
Withdrawn status Lost status Sistema de Clasificación Damaged status No para préstamo Colección Inventariado Ubicación Permanente Ubicación actual Fecha de adquisición Fuente de Valor Valor Total Checkouts Total Renewals Número topográfico Inventario / Código de Barras Date last seen Date checked out Ejemplar Price effective from Forma de adquisición Tipo de material
    Dewey Decimal Classification     Humboldt Inventariado 2017 Bogotá Bogotá 08/07/2013 Instituto 39000.00 15 1 IAVH-574.52621 V335g 028714 08/01/2019 08/01/2019 Ej. 1 08/07/2013 Institucional Libro
    Dewey Decimal Classification     Humboldt Inventariado 2017 Bogotá Bogotá 08/07/2013 Instituto 39000.00 2   IAVH-574.52621 V335g 028716 03/10/2017 03/10/2017 Ej. 3 08/07/2013 Institucional Libro
    Dewey Decimal Classification     Humboldt Inventariado 2017 Bogotá Bogotá 08/07/2013 Instituto 39000.00 4   IAVH-574.52621 V335g 028717 12/12/2014 12/12/2014 Ej. 4 08/07/2013 Institucional Libro
    Dewey Decimal Classification     Humboldt Inventariado 2017 Bogotá Bogotá 17/02/2017 Instituto 39000.00 1   IAVH-574.52621 V335g 042465 16/08/2017 16/08/2017 Ej. 6 17/02/2017 Institucional Libro
    Dewey Decimal Classification     Humboldt Inventariado 2017 Sala Fabio Quevedo Sala Fabio Quevedo 29/07/2014 Instituto 39000.00     IAVH-574.52621 V335g 038239 29/07/2014   Ej. 2 29/07/2014 Institucional Libro
    Dewey Decimal Classification     Humboldt Inventariado 2017 Sala Fabio Quevedo Sala Fabio Quevedo 29/09/2015 Instituto 39000.00     IAVH-574.52621 V335g 035232 29/09/2015   Ej. 5 29/09/2015 Institucional Libro